000 00270pab a2200109 454500
008 180718b xxu||||| |||| 00| 0 eng d
100 _aLall, John
245 _aCivil service - missing professionalism
650 _aCivil Service
773 _aHindustan Times
909 _a24034
999 _c24034
_d24034